000
00228nam a22000977a 4500
999
_c
258913
_d
258912
020
_a
9780132069519
245
_a
Statistics
250
_a
11th ed
260
_a
Upper Saddle River, N.J.
_b
Pearson Prentice Hall,
_c
2009
942
_c
BK